| 000 | 00403nam a2200145Ia 4500 | ||
|---|---|---|---|
| 003 | GCL | ||
| 008 | 140319s9999 xx 000 0 eng d | ||
| 040 |
_aGCL / _cGCL |
||
| 082 | 0 | 4 |
_a954 _bS I |
| 100 | 1 | _aSMITH, HARRIET | |
| 245 | 1 | 0 |
_aINDIAN NEIGHBORS OF OUR UNITED STATES SETTLERS / _cSMITH, HARRIET |
| 260 |
_a[S.N] : _bCHICAGS NATURAL HISTORY MUSEUM ، _c1960 |
||
| 650 | 0 | 4 | _aINDIA |
| 942 |
_2ddc _cBK |
||
| 999 |
_c10856 _d10856 |
||